| 000 | 01138 a2200193 4500 | ||
|---|---|---|---|
| 003 | Nust | ||
| 005 | 20221018141212.0 | ||
| 020 | _a0070700281 | ||
| 040 | _cNust | ||
| 082 | _a610.280113,GUP | ||
| 100 |
_aGupta, Sanjay _9100617 |
||
| 245 |
_aVirual Insrumenation using LabVIWE _bPrinciples and practices of graphical programming _cSanjay Gupta & Joseph John |
||
| 250 | _a2nd ed | ||
| 260 |
_aTata McGraw Hill Education Privete Limited _bNew Delhi _c2010 |
||
| 300 | _axx, 220 p | ||
| 505 | _aIntroduction to Virtual Instrumentation (Page-1), Basics of LabVIEW (Page-15), For & While Loops (Page-24), Other Structures (Page-36), Arrays and Clusters (Page-42), Graphs and Charts (Page-53), State Machines (Page-63), File Input/Output (Page-69), String Handling (Page-82), Basics of Data Acquisition (Page-94), Data Acquisition with LabVIEW DAQmx & DAQ VIs (Page-107), Interfacing with Assistants (Page-132), Interfacing Instruments: GPIB and RS232 (Page-141), Advanced Topics in LabVIEW (Page-162), Distributed Systems (Page-177), The VI Lab (Page-185), LabVIEW Resources (Page-204). | ||
| 650 |
_aLabview _9100618 |
||
| 942 |
_2ddc _cBK |
||
| 999 |
_c189278 _d189278 |
||